| 000 | 01926cam a22005054i 4500 | ||
|---|---|---|---|
| 003 | PE-LiUPU | ||
| 005 | 20250731184606.0 | ||
| 008 | 150616s r 000 0 d | ||
| 020 | _a0567093735 | ||
| 035 | _a(Sirsi) i9780567093738 | ||
| 040 |
_aPE-LiUPU _bspa _cPE-LiUPU _erda |
||
| 049 | _aPRUA | ||
| 082 | 0 | 4 |
_a954.94 _bS31 _221 |
| 100 | 1 |
_aSchürer, Emil, _d1844-1910, _eautor. |
|
| 245 | 1 | 4 |
_aThe History of the Jewish People in the Age of Jesus Christ (175 B.C.-A.D. 135) / _cpor Emil Schürer ; [traducido por T. A. Burkill .. y otros] ; revisado y editado por Geza Vermes y Fergus Millar. |
| 264 | 1 |
_aEdinburgh : _bT. & T. Clark Ltd., _c1987. |
|
| 300 |
_avarias páginas ; _c23 centímetros |
||
| 336 |
_atext _2rdacontent |
||
| 337 |
_aunmediated _2rdamedia |
||
| 338 |
_avolume _2rdacarrier |
||
| 505 | 0 | _aJewish literature of wich the original language is uncertain.- The Jewish Philosopher Philo. | |
| 526 | _aP136 | ||
| 526 | _aP135 | ||
| 526 | _aP134 | ||
| 526 | _aP133 | ||
| 526 | _aP144 | ||
| 526 | _aP143 | ||
| 526 | _aP87 | ||
| 526 | _aP35 | ||
| 526 | _aP20 | ||
| 526 | _aP14 | ||
| 526 | _aP10 | ||
| 526 | _aP06 | ||
| 630 |
_aBiblia. _pN.T. _xHistoria de los acontecimientos contemporáneos. |
||
| 650 | 0 | 4 |
_aJudaísmo _xHistoria _yPeríodo post-exílico, año 586 aC-210 dC. |
| 650 | 0 | 4 |
_aJudios _xHistoria _y168 aC-135 dC. |
| 650 | 0 | 4 |
_aLiteratura griega _xAutores judíos _xHistoria y crítica. |
| 910 |
_ajck _bjvq _cjck |
||
| 942 |
_2ddc _cBOOK |
||
| 949 |
_a954.94 S31 _wDEWEY _c1 _i41112 _lCCODEBUL1 _mBUL _r0 _sY _tBOOK _u2015-6-16 _xTEOLOGIA _zUNKNOWN _0COMPRA _o.STAFF. Colección General |
||
| 994 |
_aC0 _bPEPRU |
||
| 596 | _a1 | ||
| 999 |
_a954.94 S31 _wDEWEY _c58925 _i41112 _f2021-11-12 _g5 _lCCODEBUL1 _mBUL _r0 _sY _tBOOK _u2015-6-16 _xTEOLOGIA _zUNKNOWN _0COMPRA _o.STAFF. Colección General _d58925 |
||
| 980 |
_81 _gALBERTO SANCHEZ Responsable de Automatización |
||